|
|
|
|
| LEADER |
02159nam a22004695i 4500 |
| 001 |
978-3-642-02175-6 |
| 003 |
DE-He213 |
| 005 |
20151125211719.0 |
| 007 |
cr nn 008mamaa |
| 008 |
100301s2009 gw | s |||| 0|eng d |
| 020 |
|
|
|a 9783642021756
|9 978-3-642-02175-6
|
| 024 |
7 |
|
|a 10.1007/978-3-642-02175-6
|2 doi
|
| 040 |
|
|
|d GrThAP
|
| 050 |
|
4 |
|a QR355-502
|
| 072 |
|
7 |
|a MMFM
|2 bicssc
|
| 072 |
|
7 |
|a MED052000
|2 bisacsh
|
| 082 |
0 |
4 |
|a 616.9101
|2 23
|
| 245 |
1 |
0 |
|a HIV Interactions with Host Cell Proteins
|h [electronic resource] /
|c edited by Paul Spearman, Eric O. Freed.
|
| 264 |
|
1 |
|a Berlin, Heidelberg :
|b Springer Berlin Heidelberg,
|c 2009.
|
| 300 |
|
|
|a X, 204 p. 26 illus., 20 illus. in color.
|b online resource.
|
| 336 |
|
|
|a text
|b txt
|2 rdacontent
|
| 337 |
|
|
|a computer
|b c
|2 rdamedia
|
| 338 |
|
|
|a online resource
|b cr
|2 rdacarrier
|
| 347 |
|
|
|a text file
|b PDF
|2 rda
|
| 490 |
1 |
|
|a Current Topics in Microbiology and Immunology,
|x 0070-217X ;
|v 339
|
| 505 |
0 |
|
|a Host Restriction of HIV-1 by APOBEC3 and Viral Evasion Through Vif -- Interactions of Viral protein U (Vpu) with Cellular Factors -- TRIM5alpha -- Human Immunodeficiency Virus Type-1 Gag and Host Vesicular Trafficking Pathways -- The Roles of Tetraspanins in HIV-1 Replication -- Imaging of HIV/Host Protein Interactions -- Virological and Cellular Roles of the Transcriptional Coactivator LEDGF/p75 -- Implications of Nef: Host Cell Interactions in Viral Persistence and Progression to AIDS -- Vpr and Its Interactions with Cellular Proteins.
|
| 520 |
|
|
|a will follow.
|
| 650 |
|
0 |
|a Medicine.
|
| 650 |
|
0 |
|a Cancer research.
|
| 650 |
|
0 |
|a Virology.
|
| 650 |
1 |
4 |
|a Biomedicine.
|
| 650 |
2 |
4 |
|a Virology.
|
| 650 |
2 |
4 |
|a Cancer Research.
|
| 700 |
1 |
|
|a Spearman, Paul.
|e editor.
|
| 700 |
1 |
|
|a Freed, Eric O.
|e editor.
|
| 710 |
2 |
|
|a SpringerLink (Online service)
|
| 773 |
0 |
|
|t Springer eBooks
|
| 776 |
0 |
8 |
|i Printed edition:
|z 9783642021749
|
| 830 |
|
0 |
|a Current Topics in Microbiology and Immunology,
|x 0070-217X ;
|v 339
|
| 856 |
4 |
0 |
|u http://dx.doi.org/10.1007/978-3-642-02175-6
|z Full Text via HEAL-Link
|
| 912 |
|
|
|a ZDB-2-SBL
|
| 950 |
|
|
|a Biomedical and Life Sciences (Springer-11642)
|